000 00256nam a22000977a 4500
999 _c521566
_d521566
082 _aTNC B142 B229
100 _aBapna, Ashok
_935437
245 _aWomen In Development : Gender and Equity
260 _aNew delhi
_bRajasthan Chapter SID
_c1988
300 _a85P.